Hogyan tovább
Elmentve itt :
| Szerző: | |
|---|---|
| Adatforrás: | Meister |
| Forrásdokumentuma: | A Hét. - 6 sz., 1990, 7 p. |
| Nyelv: | magyar |
| Kulcsszavak: | sajtótörténet sajtó Látó |
| LEADER | 00344nab a2200145 i 4500 | ||
|---|---|---|---|
| 001 | bibPRO00003241 | ||
| 008 | 060524s1990 xx hun | ||
| 040 | |a Sz1 | ||
| 041 | |a hun | ||
| 100 | 1 | |a MARKÓ Béla | |
| 245 | 1 | 0 | |a Hogyan tovább |c MARKÓ Béla |
| 695 | |a sajtótörténet | ||
| 695 | |a sajtó | ||
| 695 | |a Látó | ||
| 773 | 0 | |t A Hét. - |g 6 sz., 1990, 7 p. | |